| 000 | 00672nam a2200205 i 4500 | ||
|---|---|---|---|
| 001 | 185950 | ||
| 003 | ES-MaACL | ||
| 005 | 20251122063144.0 | ||
| 008 | 160830s1986 ag |||| |dspa d | ||
| 020 | _a950-07-0333-5 | ||
| 080 | _a929 Borges, Jorge Luis | ||
| 100 | 1 |
_aBorges, Jorge Luis, _d1899-1986 _9242526 |
|
| 245 | 1 | 0 |
_aLibro de diálogos / _cJorge Luis Borges, Osvaldo Ferrari. |
| 260 |
_aBuenos Aires : _bSudamericana, _c[1986] |
||
| 300 |
_a243 p. ; _c20 cm. |
||
| 600 | 1 | 4 |
_aBorges, Jorge Luis- _vEntrevistas. _930463 |
| 700 | 1 |
_aFerrari, Osvaldo. _9160617 |
|
| 852 |
_aES-MaACL _jL-30570 _z. - Donat. Miguel A. Velasco |
||
| 999 |
_c185950 _d185950 |
||